00786nam a2200181Ia 4500003000400000005001700004008004100021040000900062082001900071100003400090245007000124260004400194300000900238942004400247952014800291952014800439999001700587OSt20200622141950.0190216s9999||||xx |||||||||||||| ||und|| coclc a954.025bQUR/A aQureshi, Ishtiaq Husain92445 4aThe Administration Of The Mughal Empire /cIshtiaq Husain Qureshi bLow Price Publications, c1990.aDelhi: a340p cBK2ddch954.025iQUE/Ak954.025mQUE/A 00102ddc40708HISTORYaMESbMEScHISd2019-02-20g60.00l1o954.025 QUR/Ap21415r2020-01-16 00:00:00s2020-01-14t1w2019-02-20yBKzGL36R3 00102ddc40708HISTORYaMESbMEScHISd2019-02-20g60.00l1o954.025 QUR/Ap21416r2020-01-21 00:00:00s2020-01-17t2w2019-02-20yBKzGL36R3 c20440d20440